| 000 | 00639nam a2200193 i 4500 | ||
|---|---|---|---|
| 001 | 151086 | ||
| 003 | ES-MaACL | ||
| 005 | 20250903084338.0 | ||
| 007 | t| | ||
| 008 | 071205s1905 fr ||||1| fre d | ||
| 245 | 0 | 0 | _aCatalogue des publications scientifiques (mathématiques, physique et chimie) de la Librairie A. Hermann. |
| 260 |
_aParis : _bLibrairie Scientifique A. Hermann, _c1905. |
||
| 300 |
_a54 p. ; _c21 cm. |
||
| 650 | 7 |
_aCatálogos de editores- _yS.XX _2 _9169795 |
|
| 650 | 1 | 4 |
_aEditoriales- _zFrancia- _yS.XX. _912069 |
| 710 | 2 |
_aLibrairie A. Hermann. _95500 |
|
| 852 |
_aES-MaACL _jT-1121-F-1 |
||
| 999 |
_c151086 _d151086 |
||